Формы организации самостоятельной работы по философии учебное пособие
Учебное издание по курсу философии составлено в соответствии с Государственным образовательным стандартом высшего профессионального образования. Содержит практические и творческие зада-ния, список рекомендуемой литературы, методические материалы и рекомендации. Задания размещены по разделам, соответ...
Kaydedildi:
| Yazar: | |
|---|---|
| Diğer Yazarlar: | , |
| Materyal Türü: | Книга |
| Dil: | Russian |
| Baskı/Yayın Bilgisi: |
Барнаул
АГАУ
2014
|
| Online Erişim: | https://e.lanbook.com/book/137636 https://e.lanbook.com/img/cover/book/137636.jpg |
| Etiketler: |
Etiketle
Etiket eklenmemiş, İlk siz ekleyin!
|
| LEADER | 02044nam0a2200265 i 4500 | ||
|---|---|---|---|
| 001 | 137636 | ||
| 003 | RuSpLAN | ||
| 005 | 20221220174046.0 | ||
| 008 | 221220s2014 ru gs 000 0 rus | ||
| 040 | |a RuSpLAN | ||
| 041 | 0 | |a rus | |
| 044 | |a ru | ||
| 080 | |a 1 (072) | ||
| 245 | 0 | 0 | |a Формы организации самостоятельной работы по философии |b учебное пособие |c Апёнышева Л. Г.,Каланчина И. Н.,Останин В. В. |
| 260 | |a Барнаул |b АГАУ |c 2014 | ||
| 300 | |a 103 с. | ||
| 504 | |a Библиогр.: доступна в карточке книги, на сайте ЭБС Лань | ||
| 520 | 8 | |a Учебное издание по курсу философии составлено в соответствии с Государственным образовательным стандартом высшего профессионального образования. Содержит практические и творческие зада-ния, список рекомендуемой литературы, методические материалы и рекомендации. Задания размещены по разделам, соответствующим стандартному курсу философии. Предназначено для развития навыков самостоятельной работы, мышления и закрепления знаний студентов АГАУ очного и заочного отделений, изучающих курс истории и теории философии. | |
| 521 | 8 | |a Книга из коллекции АГАУ - Социально-гуманитарные науки | |
| 100 | 1 | |a Апёнышева Л. Г. | |
| 700 | 1 | |a Каланчина И. Н. | |
| 700 | 1 | |a Останин В. В. | |
| 856 | 4 | |u https://e.lanbook.com/book/137636 | |
| 856 | 4 | 8 | |u https://e.lanbook.com/img/cover/book/137636.jpg |
| 953 | |a https://e.lanbook.com/img/cover/book/137636.jpg | ||